000 00406nam a2200157Ia 4500
003 Ost
005 20260225132553.0
008 260225s9999||||xx |||||||||||||| ||und||
040 _cfsic
041 _afre
082 _a440
100 _aPaul dumont -frenette
_eAuteur
245 0 _aInformation et documention facteurs de progres dans l'entreprise /
245 0 _cPaul dumont -frenette
942 _cكتاب
999 _c34260
_d34260